| 000 | 00705nam a2200193 u 4500 | ||
|---|---|---|---|
| 001 | 000569406 | ||
| 003 | AM-YeHGA | ||
| 005 | 20250618073330.0 | ||
| 008 | 080228s1941 ai | |||||||||||||arm|d | ||
| 040 | _aAM-YeHGA | ||
| 041 | 1 | _aarm | |
| 245 | 0 | 0 |
_aՀաստոցավոր գնդացրորդի պատրաստությունը / _cԹարգմ.՝ Պ. Աթայան. |
| 260 |
_aԵրևան : _bՀայպետհրատ, _c1941. |
||
| 300 |
_a83 էջ : _bգծանկ. ; _c17 սմ. |
||
| 440 | 0 | _aՕգնություն ժողովրդական աշխարհազորի դրուժինականներին | |
| 650 | 1 | 4 | _aՌազմական տեխնիկա |
| 700 | 1 |
_aԱթայան, Պ _eթարգմ. _4trl _98418 |
|
| 090 | _c226750 | ||
| 999 |
_c225209 _d225209 |
||